000 00708nam a22002297a 4500
005 20170124110218.0
010 _aA-351167
020 B _c00.00
035 _aA-351167
037 _bCen Lib/Ret
040 _aDPL
_bEN
082 _a020
_bRE
245 _aRelevance of ranganathan's contribution to library science /
_cedited by T.S. Rajagopalan
260 _aNew Delhi
_bVikas Publishing House
_c1988
270 _bNew Delhi
_a576, masjid road, jangpura
_e110014
300 _axii, 295p.
_c21cm(Hb)
500 _aIncludes index
650 _aLibrary science
_939416
650 _aConfrence procedings
_939417
700 _aRajagopalan, T.S.
_950
942 _2ddc
_cEN
_h020
_mREL
999 _c133973
_d133973